=LDR 00000nam 2200000 4500 =001 INLIS000000000027104 =990 ##$$a 0001/BPAP-NTB/20142014 =005 20140924125128.0 =006 =007 =008 Ind =035 ##$$a 0010-061300000027104 =041 ##$$a Ind =082 ##$$a 331.11 =090 ##$$a 331.11, Mul e =100 ##$$a Mulyadi =245 ##$$a Ekonomi sumber daya manusia, dalam perspektif pembangunan, Mulyadi =260 ##$$a 2006 $b Jakarta =300 ##$$a xxi, 245 hlm, ilus, 20 cm =650 ##$$a Sumber Daya manusia =850 ##$$a NBPNMAT